<?xml version="1.0" encoding="UTF-8"?><?xml-stylesheet type="text/xsl" href="static/style.xsl"?><OAI-PMH xmlns="http://www.openarchives.org/OAI/2.0/" xmlns:xsi="http://www.w3.org/2001/XMLSchema-instance" xsi:schemaLocation="http://www.openarchives.org/OAI/2.0/ http://www.openarchives.org/OAI/2.0/OAI-PMH.xsd"><responseDate>2026-06-02T04:15:24Z</responseDate><request verb="GetRecord" identifier="oai:riubu.ubu.es:10259/7262" metadataPrefix="marc">https://riubu.ubu.es/oai/request</request><GetRecord><record><header><identifier>oai:riubu.ubu.es:10259/7262</identifier><datestamp>2023-01-19T01:05:17Z</datestamp><setSpec>com_10259_3847</setSpec><setSpec>com_10259_5086</setSpec><setSpec>com_10259_2604</setSpec><setSpec>col_10259_3848</setSpec></header><metadata><record xmlns="http://www.loc.gov/MARC21/slim" xmlns:doc="http://www.lyncode.com/xoai" xmlns:xsi="http://www.w3.org/2001/XMLSchema-instance" xmlns:dcterms="http://purl.org/dc/terms/" xsi:schemaLocation="http://www.loc.gov/MARC21/slim http://www.loc.gov/standards/marcxml/schema/MARC21slim.xsd">
<leader>00925njm 22002777a 4500</leader>
<datafield tag="042" ind1=" " ind2=" ">
<subfield code="a">dc</subfield>
</datafield>
<datafield tag="720" ind1=" " ind2=" ">
<subfield code="a">Casado Vara, Roberto</subfield>
<subfield code="e">author</subfield>
</datafield>
<datafield tag="720" ind1=" " ind2=" ">
<subfield code="a">Vale, Zita</subfield>
<subfield code="e">author</subfield>
</datafield>
<datafield tag="720" ind1=" " ind2=" ">
<subfield code="a">Prieto, Javier</subfield>
<subfield code="e">author</subfield>
</datafield>
<datafield tag="720" ind1=" " ind2=" ">
<subfield code="a">Corchado, Juan M.</subfield>
<subfield code="e">author</subfield>
</datafield>
<datafield tag="260" ind1=" " ind2=" ">
<subfield code="c">2018-12</subfield>
</datafield>
<datafield tag="520" ind1=" " ind2=" ">
<subfield code="a">The monitoring of the Internet of things networks depends to a great extent on the&#xd;
availability and correct functioning of all the network nodes that collect data. This network&#xd;
nodes all of which must correctly satisfy their purpose to ensure the efficiency and high quality&#xd;
of monitoring and control of the internet of things networks. This paper focuses on the problem&#xd;
of fault-tolerant maintenance of a networked environment in the domain of the internet of things.&#xd;
Based on continuous-time Markov chains, together with a cooperative control algorithm, a novel&#xd;
feedback model-based predictive hybrid control algorithm is proposed to improve the maintenance&#xd;
and reliability of the internet of things network. Virtual sensors are substituted for the sensors that&#xd;
the algorithm predicts will not function properly in future time intervals; this allows for maintaining&#xd;
reliable monitoring and control of the internet of things network. In this way, the internet of things&#xd;
network improves its robustness since our fault tolerant control algorithm finds the malfunction nodes&#xd;
that are collecting incorrect data and self-correct this issue replacing malfunctioning sensors with&#xd;
new ones. In addition, the proposed model is capable of optimising sensor positioning. As a result,&#xd;
data collection from the environment can be kept stable. The developed continuous-time control&#xd;
model is applied to guarantee reliable monitoring and control of temperature in a smart supermarket.&#xd;
Finally, the efficiency of the presented approach is verified with the results obtained in the conducted&#xd;
case study.</subfield>
</datafield>
<datafield tag="024" ind2=" " ind1="8">
<subfield code="a">http://hdl.handle.net/10259/7262</subfield>
</datafield>
<datafield tag="024" ind2=" " ind1="8">
<subfield code="a">10.3390/en11123430</subfield>
</datafield>
<datafield tag="024" ind2=" " ind1="8">
<subfield code="a">1996-1073</subfield>
</datafield>
<datafield ind1=" " ind2=" " tag="653">
<subfield code="a">Control system</subfield>
</datafield>
<datafield ind1=" " ind2=" " tag="653">
<subfield code="a">Fault-Tolerant control</subfield>
</datafield>
<datafield ind1=" " ind2=" " tag="653">
<subfield code="a">Algorithm desing and analysis</subfield>
</datafield>
<datafield ind1=" " ind2=" " tag="653">
<subfield code="a">IoT (Internet of Things)</subfield>
</datafield>
<datafield ind1=" " ind2=" " tag="653">
<subfield code="a">Nonlinear control</subfield>
</datafield>
<datafield tag="245" ind1="0" ind2="0">
<subfield code="a">Fault-Tolerant Temperature Control Algorithm for IoT Networks in Smart Buildings</subfield>
</datafield>
</record></metadata></record></GetRecord></OAI-PMH>